000 00612nam a2200241Ia 4500
003 OSt
005 20221005123624.0
006 a|||||r|||| 00| 0
007 ta
008 221004b |||||||| |||| 00| 0 eng d
024 _a38174
037 _cTextual
040 _aCRL
_cCRL
_beng
041 _2eng
_aeng
082 _aO:2J64:55, A
100 _aShakespeare William
245 0 _aMacbeth
260 _c1870
490 _aNew variorum edition of Shakespeare; 2
650 _aSHAKESPEARE, WILLIAM
942 _hO:2J64:55, A
_cTEXL
_2cc
999 _c1047952
_d1047952